| 000 | 00513nam a2200205Ia 4500 | ||
|---|---|---|---|
| 003 | GCL | ||
| 008 | 140319s9999 xx 000 0 aRus d | ||
| 040 |
_aGCL / _cGCL |
||
| 082 | 0 | 4 |
_a862 _bZ D |
| 100 | 1 | _aZORRILLA, JOSE | |
| 245 | 1 | 0 |
_aDON JUAN TENORIO / _cZORRILLA, JOSE |
| 700 | 1 | _aNIEVA, FRANCISCO | |
| 260 |
_a[S.N] : _bESPASA - CALPE ، _c1995 |
||
| 300 | _a177 | ||
| 650 | 0 | 4 | _aLITERATURE |
| 650 | 0 | 4 | _aSPANISH LITERATURE |
| 650 | 0 | 4 | _aSPANISH DRAMA |
| 650 | 0 | 4 | _aSPANISH FICTION |
| 942 |
_2ddc _cBK |
||
| 999 |
_c12862 _d12862 |
||